000 00572nam a2200181Ia 4500
008 090124s9999 xx 000 0 und d
082 _b37860
100 _aराजाध्यक्ष विजया
245 _a आधी.....नंतर
250 _a0
260 _bडिंपल प्रकाशन
_c2001
300 _a248
600 _aराजाध्यक्ष विजया
630 _a आधी.....नंतर
700 _aराजाध्यक्ष विजया
730 _a आधी.....नंतर
942 _cBOOK
999 _c103949
_d103949